00484nam a2200181 a 4500001001300000003000900013005001700022008004100039020001000080082002000090245004600110260003300156300000900189500003500198505001000233650002000243710003900263nice12345678IN_TiNIC20260116014239.0050524s2001 daca grp 000 0 eng  ac45000a327.172082bASI aSinging in the Dark Times, Women Remember aDaccabAsiatic Socirtyc2001 a448p aincludes index and biblioraphy2 aIndex aWomen and Peace2 aAsian Women`s Human Rights Council